[Event "7MCRV_F"]
[Site "?"]
[Date "2007.??.??"]
[Round "?"]
[White "Novak, Vratislav"]
[Black "Schwarz, Jan"]
[Result "1/2-1/2"]
[WhiteElo "2288"]
[BlackElo "2257"]
[PlyCount "172"]
[EventDate "2007.??.??"]
[EventType "corr"]
[SourceDate "2007.09.24"]

1. d4 Nf6 2. c4 e6 3. Nf3 b6 4. g3 Ba6 5. b3 d5 6. Bg2 dxc4 7. Ne5 Bb4+ 8. Kf1
Bd6 9. Nd2 Nbd7 10. Nc6 Qc8 11. Nxc4 Bb7 12. Bg5 h6 13. Bxf6 Nxf6 14. Rc1 Nd5
15. N6a5 Be7 16. Nxb7 Qxb7 17. e4 Nf6 18. Ne3 O-O 19. e5 Nd5 20. Bxd5 exd5 21.
Nf5 c5 22. Kg2 Rad8 23. f4 Kh8 24. Qg4 Rg8 25. Rhe1 Bf8 26. e6 Re8 27. e7 Rxe7
28. Nxe7 Bxe7 29. Qh5 Rf8 30. Qe2 Bd6 31. Qf3 cxd4 32. Red1 Bc5 33. b4 Bxb4 34.
Rxd4 Qe7 35. Rxd5 a5 36. Rc2 Bc5 37. Rcd2 Qf6 38. Qe4 Bb4 39. Rc2 Bc5 40. Rd7
Kg8 41. Rcd2 Bb4 42. R2d4 Bc5 43. R4d5 Qb2+ 44. Rd2 Qf6 45. a4 Bb4 46. Rd1 Qc3
47. Kh3 Qc8 48. f5 Qc5 49. Rd8 Qc7 50. Re8 Kh7 51. Rxf8 Bxf8 52. Qd5 Qe7 53.
Rc1 Kg8 54. Rc8 Qe2 55. Qb5 Qf3 56. Rd8 Qe4 57. Qd3 Qe7 58. Rc8 Qe5 59. Qd7 Qf6
60. Re8 Qg5 61. Qd5 Qf6 62. Rb8 Qg5 63. Qd3 Qf6 64. Qb5 h5 65. Rxb6 Qd4 66. Rb8
Qg4+ 67. Kg2 Qe4+ 68. Kf2 Qd4+ 69. Kf3 Qg4+ 70. Ke3 Qd1 71. Rc8 Qg1+ 72. Kf4
Qd1 73. Qc4 Kh7 74. Ke3 Qg1+ 75. Ke4 Qg2+ 76. Ke5 Bb4 77. Qc2 Qf3 78. Rc7 Kg8
79. Rc4 Qe3+ 80. Re4 Qh6 81. Kd4 Qb6+ 82. Kd3 Qg1 83. Rh4 Qf1+ 84. Ke4 Qh1+ 85.
Kd4 Qa1+ 86. Kd5 Qh1+ 1/2-1/2

[Event "7MCRV_F"]
[Site "?"]
[Date "2007.??.??"]
[Round "?"]
[White "Novak, Vratislav"]
[Black "Sykora, Josef"]
[Result "1/2-1/2"]
[WhiteElo "2288"]
[BlackElo "2366"]
[PlyCount "50"]
[EventDate "2007.??.??"]
[EventType "corr"]
[SourceDate "2007.09.24"]

1. d4 d5 2. c4 c6 3. Nc3 e6 4. Nf3 dxc4 5. a4 Bb4 6. e3 b5 7. Bd2 a5 8. axb5
Bxc3 9. Bxc3 cxb5 10. b3 Bb7 11. bxc4 b4 12. Bb2 Nf6 13. Bd3 O-O 14. O-O Nbd7
15. Nd2 Qc7 16. f3 Bc6 17. Bc2 Qa7 18. Ba4 Qa6 19. e4 Rfd8 20. Bc2 Qb6 21. Kh1
b3 22. Bxb3 a4 23. d5 axb3 24. dxc6 Rxa1 25. Qxa1 Qxc6 1/2-1/2

[Event "7MCRV_F"]
[Site "?"]
[Date "2007.??.??"]
[Round "?"]
[White "Pecka, Josef"]
[Black "Batka, Josef"]
[Result "1-0"]
[WhiteElo "2292"]
[BlackElo "2285"]
[PlyCount "97"]
[EventDate "2007.??.??"]
[EventType "corr"]
[SourceDate "2007.09.24"]

1. e4 c5 2. Nf3 Nc6 3. d4 cxd4 4. Nxd4 Nf6 5. Nc3 e5 6. Ndb5 d6 7. Nd5 Nxd5 8.
exd5 Ne7 9. c4 Nf5 10. Bd3 Be7 11. O-O a6 12. Nc3 O-O 13. f4 Qb6+ 14. Kh1 f6
15. Rb1 Bd7 16. b4 Qc7 17. Bd2 b6 18. Rc1 Rac8 19. Qe1 Rce8 20. Qf2 Qb7 21. b5
Ra8 22. bxa6 Qxa6 23. Rb1 Rab8 24. Nb5 g6 25. Bb4 Qa8 26. Rbc1 Rbd8 27. Bxf5
Bxf5 28. Qxb6 Rb8 29. Qe3 Qa6 30. a4 Rb7 31. Qg3 Rd7 32. Ra1 Qc8 33. Qb3 Kg7
34. a5 Qa6 35. Rac1 Rb7 36. Qa3 Rd7 37. Kg1 Rc8 38. Qf3 e4 39. Qe2 h5 40. Rb1
Bd8 41. h3 h4 42. Ra1 Bc7 43. Be1 Rh8 44. Bf2 Bb8 45. Ra3 Rb7 46. Rc1 Kg8 47.
Qd2 Rh5 48. Qc3 Rf7 49. Qd4 1-0

[Event "7MCRV_F"]
[Site "?"]
[Date "2007.??.??"]
[Round "?"]
[White "Pecka, Josef"]
[Black "Kuchta, Jiri"]
[Result "1-0"]
[WhiteElo "2292"]
[BlackElo "2244"]
[PlyCount "123"]
[EventDate "2007.??.??"]
[EventType "corr"]
[SourceDate "2007.09.24"]

1. e4 e5 2. Nf3 Nc6 3. d4 exd4 4. c3 d5 5. exd5 Qxd5 6. cxd4 Bb4+ 7. Nc3 Nf6 8.
Be2 Qa5 9. O-O O-O 10. Bd2 Re8 11. a3 Bxc3 12. Bxc3 Qb6 13. Ne5 Be6 14. Rc1 Bb3
15. Qd3 Bd5 16. Rfe1 Rad8 17. Ng4 Ne7 18. Nxf6+ Qxf6 19. Bf1 Ng6 20. Qg3 Rxe1
21. Rxe1 Nf4 22. Re5 Ne6 23. Qe3 h6 24. Bd3 Qh4 25. h3 c6 26. f4 b6 27. f5 Nf4
28. Bf1 Nh5 29. Be1 Qf4 30. Qxf4 Nxf4 31. Re7 a5 32. Bg3 g5 33. fxg6 Nxg6 34.
Rb7 b5 35. Bc7 Ra8 36. Kf2 h5 37. Be2 h4 38. Bf3 Bxf3 39. Kxf3 a4 40. Rb6 Ne7
41. Bd6 Nf5 42. Bc5 Rc8 43. Kf4 Ng7 44. Ke5 Ne6 45. Be7 Kh7 46. Bxh4 Re8 47.
Kd6 Nxd4 48. Kc5 Nb3+ 49. Kxc6 Re5 50. Bf6 Rc5+ 51. Kd6 Kg6 52. Ke7 Rc7+ 53.
Kd8 Rc2 54. Bc3+ Kh7 55. g4 Nc5 56. Rxb5 Ne4 57. Bd4 Kg6 58. Rb6+ Kg5 59. Ke7
Rc7+ 60. Ke8 f6 61. Re6 Rc8+ 62. Ke7 1-0

[Event "7MCRV_F"]
[Site "?"]
[Date "2007.??.??"]
[Round "?"]
[White "Pecka, Josef"]
[Black "Kuta, Jiri"]
[Result "1/2-1/2"]
[WhiteElo "2292"]
[BlackElo "2328"]
[PlyCount "57"]
[EventDate "2007.??.??"]
[EventType "corr"]
[SourceDate "2007.09.24"]

1. e4 e5 2. Nf3 Nc6 3. d4 exd4 4. c3 d5 5. exd5 Qxd5 6. cxd4 Bg4 7. Be2 Bb4+ 8.
Nc3 Bxf3 9. Bxf3 Qc4 10. Bxc6+ bxc6 11. Qe2+ Qxe2+ 12. Kxe2 Ne7 13. Kd3 O-O-O
14. Kc4 Ba5 15. Be3 Rhe8 16. Rhe1 Bb6 17. g4 f5 18. Rad1 fxg4 19. Bg5 Kd7 20.
Re4 Rb8 21. Rxg4 Nf5 22. b4 a5 23. a3 Kc8 24. h4 g6 25. Rf4 axb4 26. axb4 Nd6+
27. Kd3 Ra8 28. Kc2 Kb7 29. h5 1/2-1/2

[Event "7MCRV_F"]
[Site "?"]
[Date "2007.??.??"]
[Round "?"]
[White "Pecka, Josef"]
[Black "Nejtek, Jiri"]
[Result "0-1"]
[WhiteElo "2292"]
[BlackElo "2375"]
[PlyCount "80"]
[EventDate "2007.??.??"]
[EventType "corr"]
[SourceDate "2007.09.24"]

1. e4 e6 2. d4 d5 3. Nc3 Nf6 4. Bg5 dxe4 5. Nxe4 Be7 6. Bxf6 Bxf6 7. Nf3 O-O 8.
Qd2 Nd7 9. O-O-O Be7 10. Bd3 b6 11. h4 Bb7 12. Neg5 h6 13. Bh7+ Kh8 14. Bd3 a5
15. Qe3 Bd6 16. Ne5 Bxe5 17. dxe5 Nc5 18. Nh7 Qd5 19. Kb1 Rfd8 20. Ng5 Rd7 21.
f3 Qc6 22. Be2 Rxd1+ 23. Rxd1 hxg5 24. hxg5 Kg8 25. Qf4 g6 26. Qh4 Qe8 27. Rh1
Kf8 28. Qf4 Qe7 29. a3 Rd8 30. Rh7 Ke8 31. Ka2 Bc6 32. Kb1 a4 33. Kc1 Nd7 34.
g3 Qf8 35. Kb1 Ra8 36. Qc1 Nxe5 37. f4 Nd7 38. Qe1 Qg8 39. Rh4 Qg7 40. Rh6 Nc5
0-1

[Event "7MCRV_F"]
[Site "?"]
[Date "2007.??.??"]
[Round "?"]
[White "Pecka, Josef"]
[Black "Novak, Vratislav"]
[Result "1/2-1/2"]
[WhiteElo "2292"]
[BlackElo "2288"]
[PlyCount "60"]
[EventDate "2007.??.??"]
[EventType "corr"]
[SourceDate "2007.09.24"]

1. e4 e5 2. Nf3 Nc6 3. d4 exd4 4. c3 d5 5. exd5 Qxd5 6. cxd4 Bg4 7. Be2 Bb4+ 8.
Nc3 Bxf3 9. Bxf3 Qc4 10. Bxc6+ bxc6 11. Qe2+ Qxe2+ 12. Kxe2 O-O-O 13. Rd1 Ne7
14. Be3 Rhe8 15. a3 Ba5 16. Kf3 Bb6 17. g4 f5 18. h3 h6 19. g5 hxg5 20. Bxg5
Bxd4 21. Re1 Bxc3 22. bxc3 Rd3+ 23. Kg2 Kd7 24. Re5 Rd5 25. Rae1 Rxe5 26. Rxe5
g6 27. Bxe7 Rxe7 28. Ra5 Re4 29. Rxa7 Rc4 30. Ra8 Rxc3 1/2-1/2

[Event "7MCRV_F"]
[Site "?"]
[Date "2007.??.??"]
[Round "?"]
[White "Pecka, Josef"]
[Black "Strnad, Jiri"]
[Result "1-0"]
[WhiteElo "2292"]
[BlackElo "2258"]
[PlyCount "61"]
[EventDate "2007.??.??"]
[EventType "corr"]
[SourceDate "2007.09.24"]

1. e4 c5 2. Nf3 d6 3. d4 cxd4 4. Nxd4 Nf6 5. Nc3 a6 6. Bg5 e6 7. f4 Nbd7 8. Bc4
Qb6 9. Qd2 Qxb2 10. Rb1 Qa3 11. f5 e5 12. Nb3 Be7 13. O-O h6 14. Bxf6 Bxf6 15.
Rbd1 Be7 16. Rf3 Qb4 17. Qe2 Nf6 18. Rg3 O-O 19. Nd5 Nxd5 20. Bxd5 Bh4 21. Rg4
Bg5 22. Kh1 Qb6 23. Rd3 Qd8 24. Rdg3 Bf6 25. Rh3 Kh7 26. Qd2 a5 27. Rgg3 a4 28.
Nc1 Qa5 29. c3 Qb5 30. Ne2 Ra6 31. Rh5 1-0

[Event "7MCRV_F"]
[Site "?"]
[Date "2007.??.??"]
[Round "?"]
[White "Pecka, Josef"]
[Black "Valak, Alois"]
[Result "1/2-1/2"]
[WhiteElo "2292"]
[BlackElo "2361"]
[PlyCount "75"]
[EventDate "2007.??.??"]
[EventType "corr"]
[SourceDate "2007.09.24"]

1. e4 c5 2. Nf3 Nc6 3. d4 cxd4 4. Nxd4 Nf6 5. Nc3 e5 6. Ndb5 d6 7. Nd5 Nxd5 8.
exd5 Nb8 9. Qf3 a6 10. Qa3 Be7 11. Bg5 f6 12. Bd2 O-O 13. Bb4 axb5 14. Qxa8 Na6
15. Bd2 Qc7 16. Rc1 Qb6 17. Be3 Qa5+ 18. Bd2 Qb6 19. Be3 Qa5+ 20. Bd2 Qxa2 21.
b3 Qb2 22. Bxb5 Bd7 23. Qa7 Bxb5 24. Qxb7 Nb4 25. Qxb5 Nxc2+ 26. Kf1 Nd4 27.
Qd3 Nxb3 28. Rd1 Qa2 29. Bc3 Nc5 30. Qe2 Qb3 31. Be1 Ra8 32. Qf3 Qa4 33. h4 e4
34. Qe2 Nd3 35. Rxd3 exd3 36. Qxd3 Rc8 37. Rh3 Rc5 38. Re3 1/2-1/2

[Event "7MCRV_F"]
[Site "?"]
[Date "2007.??.??"]
[Round "?"]
[White "Priesol, Daniel"]
[Black "Batka, Josef"]
[Result "1/2-1/2"]
[WhiteElo "2288"]
[BlackElo "2285"]
[PlyCount "39"]
[EventDate "2007.??.??"]
[EventType "corr"]
[SourceDate "2007.09.24"]

1. d4 Nf6 2. c4 e6 3. Nf3 d5 4. Nc3 Bb4 5. Bg5 Nbd7 6. Qa4 Bxc3+ 7. bxc3 O-O 8.
cxd5 exd5 9. e3 h6 10. Bxf6 Nxf6 11. Bd3 Ne4 12. Qc2 Bf5 13. Rb1 b6 14. O-O Re8
15. Ne5 Qg5 16. c4 c6 17. a4 Rac8 18. a5 b5 19. c5 a6 20. Nf3 1/2-1/2

[Event "7MCRV_F"]
[Site "?"]
[Date "2007.??.??"]
[Round "?"]
[White "Priesol, Daniel"]
[Black "Cipka, Ivan"]
[Result "1/2-1/2"]
[WhiteElo "2288"]
[BlackElo "2300"]
[PlyCount "53"]
[EventDate "2007.??.??"]
[EventType "corr"]
[SourceDate "2007.09.24"]

1. d4 d5 2. c4 dxc4 3. e3 Nf6 4. Bxc4 e6 5. Nf3 a6 6. O-O c5 7. dxc5 Bxc5 8.
Qxd8+ Kxd8 9. b3 Ke7 10. Bb2 Nbd7 11. Nbd2 b6 12. Rac1 Rd8 13. Rfd1 Bb7 14. Be2
Rac8 15. Ne1 Kf8 16. Nd3 Be7 17. Rxc8 Rxc8 18. Rc1 Rxc1+ 19. Nxc1 b5 20. a4
bxa4 21. bxa4 Nd5 22. Ncb3 N5b6 23. Na5 Bd5 24. Bxa6 Nxa4 25. Bc1 Bb4 26. Nab3
Ke7 27. Bc4 1/2-1/2

[Event "7MCRV_F"]
[Site "?"]
[Date "2007.??.??"]
[Round "?"]
[White "Priesol, Daniel"]
[Black "Kuchta, Jiri"]
[Result "1/2-1/2"]
[WhiteElo "2288"]
[BlackElo "2244"]
[PlyCount "59"]
[EventDate "2007.??.??"]
[EventType "corr"]
[SourceDate "2007.09.24"]

1. d4 d5 2. c4 e6 3. Nf3 Nf6 4. Nc3 c6 5. e3 Bd6 6. Bd3 O-O 7. O-O Nbd7 8. Qc2
dxc4 9. Bxc4 e5 10. Bb3 Qc7 11. h3 b6 12. Ng5 Bb7 13. Rd1 exd4 14. exd4 Rae8
15. Nge4 Bh2+ 16. Kh1 Bf4 17. Re1 Nxe4 18. Nxe4 Bxc1 19. Qxc1 c5 20. d5 b5 21.
Qd2 c4 22. Bc2 f5 23. Ng5 Rxe1+ 24. Rxe1 Qd6 25. Rd1 Nb6 26. Ne6 Rf7 27. Nd4 g6
28. Nxb5 Qxd5 29. Qxd5 Bxd5 30. Kg1 1/2-1/2

[Event "7MCRV_F"]
[Site "?"]
[Date "2007.??.??"]
[Round "?"]
[White "Priesol, Daniel"]
[Black "Kuta, Jiri"]
[Result "0-1"]
[WhiteElo "2288"]
[BlackElo "2328"]
[PlyCount "66"]
[EventDate "2007.??.??"]
[EventType "corr"]
[SourceDate "2007.09.24"]

1. e4 e5 2. Nf3 Nc6 3. d4 exd4 4. Nxd4 Bc5 5. Nxc6 Qf6 6. Qd2 dxc6 7. Nc3 Bd4
8. Bd3 Ne7 9. O-O Ng6 10. Kh1 Ne5 11. f3 Be6 12. Be2 Nc4 13. Qe1 O-O-O 14. f4
Ne3 15. Bxe3 Bxe3 16. e5 Qe7 17. Rd1 Rxd1 18. Nxd1 Bb6 19. a4 a6 20. Bd3 Kb8
21. b3 Rd8 22. Qg3 g6 23. Nf2 Bxf2 24. Rxf2 Bf5 25. Rf3 Qa3 26. Qe1 Bxd3 27.
Qd1 Qb2 28. cxd3 Rd5 29. Rf1 Rc5 30. Qb1 Qd2 31. Qe1 Qxd3 32. Qb1 Qe3 33. h3
Rc3 0-1

[Event "7MCRV_F"]
[Site "?"]
[Date "2007.??.??"]
[Round "?"]
[White "Priesol, Daniel"]
[Black "Nejtek, Jiri"]
[Result "1/2-1/2"]
[WhiteElo "2288"]
[BlackElo "2375"]
[PlyCount "45"]
[EventDate "2007.??.??"]
[EventType "corr"]
[SourceDate "2007.09.24"]

1. e4 e5 2. Nf3 Nc6 3. d4 exd4 4. Nxd4 Bc5 5. Nxc6 Qf6 6. Qd2 dxc6 7. Nc3 Be6
8. Na4 Bd6 9. Qe3 Nh6 10. h3 Qh4 11. g3 Qe7 12. Bg2 f6 13. Bd2 O-O 14. b3 Rad8
15. Rd1 Nf7 16. O-O Rfe8 17. Kh2 f5 18. Nc3 Be5 19. Rfe1 Bd4 20. Qe2 f4 21. Nb1
fxg3+ 22. fxg3 Ne5 23. c3 1/2-1/2

[Event "7MCRV_F"]
[Site "?"]
[Date "2007.??.??"]
[Round "?"]
[White "Priesol, Daniel"]
[Black "Pecka, Josef"]
[Result "1/2-1/2"]
[WhiteElo "2288"]
[BlackElo "2292"]
[PlyCount "54"]
[EventDate "2007.??.??"]
[EventType "corr"]
[SourceDate "2007.09.24"]

1. d4 d5 2. Nf3 Nf6 3. c4 c6 4. Nc3 dxc4 5. a4 Bf5 6. e3 e6 7. Bxc4 Bb4 8. O-O
O-O 9. Qe2 Nbd7 10. e4 Bg6 11. Bd3 Bh5 12. e5 Nd5 13. Ne4 Be7 14. a5 c5 15.
Nxc5 Bxc5 16. dxc5 Rc8 17. a6 bxa6 18. Rxa6 Rxc5 19. Rxa7 Bxf3 20. Qxf3 Nxe5
21. Bxh7+ Kxh7 22. Qh5+ Kg8 23. Qxe5 Qb6 24. Ra3 Rfc8 25. Ra1 Qb3 26. h3 Rc2
27. Re1 Qb6 1/2-1/2

[Event "7MCRV_F"]
[Site "?"]
[Date "2007.??.??"]
[Round "?"]
[White "Priesol, Daniel"]
[Black "Strnad, Jiri"]
[Result "1/2-1/2"]
[WhiteElo "2288"]
[BlackElo "2258"]
[PlyCount "44"]
[EventDate "2007.??.??"]
[EventType "corr"]
[SourceDate "2007.09.24"]

1. d4 Nf6 2. Nf3 g6 3. c4 Bg7 4. Nc3 O-O 5. e4 d6 6. Be2 e5 7. O-O Nc6 8. d5
Ne7 9. b4 Nh5 10. Re1 f5 11. Ng5 Nf6 12. Bf3 h6 13. Ne6 Bxe6 14. dxe6 fxe4 15.
Nxe4 Qc8 16. Be3 Kh8 17. Qd2 Kh7 18. Rac1 Nf5 19. b5 Nxe3 20. Qxe3 Qxe6 21.
Nxf6+ Bxf6 22. Bxb7 Bg5 1/2-1/2

[Event "7MCRV_F"]
[Site "?"]
[Date "2007.??.??"]
[Round "?"]
[White "Priesol, Daniel"]
[Black "Valak, Alois"]
[Result "0-1"]
[WhiteElo "2288"]
[BlackElo "2361"]
[PlyCount "64"]
[EventDate "2007.??.??"]
[EventType "corr"]
[SourceDate "2007.09.24"]

1. d4 Nf6 2. Nf3 e6 3. c4 b6 4. a3 Bb7 5. Nc3 d5 6. cxd5 Nxd5 7. Qc2 Nxc3 8.
Qxc3 h6 9. g3 Nd7 10. Bg2 Bd6 11. O-O Nf6 12. b4 O-O 13. Bb2 a5 14. b5 a4 15.
Qc4 Qe8 16. Ne5 Ne4 17. Bxe4 Bxe4 18. Nc6 f5 19. f4 Rf6 20. e3 Qh5 21. Rf2 Rg6
22. Kf1 Qh3+ 23. Ke1 h5 24. Kd2 h4 25. gxh4 Qxh4 26. Qf1 Rg4 27. Rc1 Rf8 28.
Ne5 Bxe5 29. dxe5 Qe7 30. Rc4 Rd8+ 31. Rd4 Rxd4+ 32. exd4 Qd8 0-1

[Event "7MCRV_F"]
[Site "?"]
[Date "2007.??.??"]
[Round "?"]
[White "Pytlik, Lesek"]
[Black "Cipka, Ivan"]
[Result "1-0"]
[WhiteElo "2383"]
[BlackElo "2300"]
[PlyCount "80"]
[EventDate "2007.??.??"]
[EventType "corr"]
[SourceDate "2007.09.24"]

1. Nf3 Nf6 2. g3 e6 3. Bg2 d5 4. O-O Be7 5. d3 Nc6 6. Nc3 O-O 7. e4 d4 8. Ne2
e5 9. h3 Bd7 10. Ne1 Ne8 11. f4 f6 12. f5 Bc5 13. Kh2 Nd6 14. Nf3 a5 15. c3
dxc3 16. bxc3 Re8 17. d4 exd4 18. cxd4 Bb6 19. d5 Ne5 20. Nxe5 Rxe5 21. Bf4 Re8
22. Nd4 Bxd4 23. Qxd4 Bb5 24. Rfc1 Re7 25. Rc2 b6 26. Rac1 Ra7 27. g4 Nf7 28.
d6 c5 29. Qd5 Red7 30. Rb2 Ba6 31. Qc6 Rdb7 32. Bg3 a4 33. a3 h5 34. gxh5 c4
35. Bf1 b5 36. Re1 Rb6 37. Qc5 Nxd6 38. Rd1 Rd7 39. h6 Bb7 40. Bg2 Nc8 1-0

[Event "7MCRV_F"]
[Site "?"]
[Date "2007.??.??"]
[Round "?"]
[White "Pytlik, Lesek"]
[Black "Jandovsky, Viktor"]
[Result "1/2-1/2"]
[WhiteElo "2383"]
[BlackElo "2275"]
[PlyCount "49"]
[EventDate "2007.??.??"]
[EventType "corr"]
[SourceDate "2007.09.24"]

1. Nf3 Nf6 2. g3 g6 3. Bg2 Bg7 4. d3 O-O 5. O-O d5 6. Nbd2 Nc6 7. e4 e5 8. c3
a5 9. a4 dxe4 10. dxe4 b6 11. Re1 Ba6 12. Bf1 Bxf1 13. Kxf1 Qd3+ 14. Qe2 Qxe2+
15. Rxe2 Rfd8 16. Kg2 Bh6 17. Nc4 Rd1 18. Nfd2 Nd7 19. Nb3 Bxc1 20. Rc2 Nf6 21.
f3 Rad8 22. Raxc1 R1d3 23. Rd2 Rxd2+ 24. Nbxd2 Kf8 25. Kf2 1/2-1/2

[Event "7MCRV_F"]
[Site "?"]
[Date "2007.??.??"]
[Round "?"]
[White "Pytlik, Lesek"]
[Black "Kuta, Jiri"]
[Result "1-0"]
[WhiteElo "2383"]
[BlackElo "2328"]
[PlyCount "98"]
[EventDate "2007.??.??"]
[EventType "corr"]
[SourceDate "2007.09.24"]

1. d3 e5 2. g3 d5 3. Nf3 Nc6 4. Bg2 Nf6 5. O-O Be7 6. c4 O-O 7. cxd5 Nxd5 8.
Nc3 Be6 9. Bd2 Nxc3 10. Bxc3 f6 11. Nd2 Qd7 12. a3 a5 13. Qc2 a4 14. Rac1 Ra6
15. e3 Rd8 16. Rfd1 Bf8 17. d4 exd4 18. Bxd4 Nxd4 19. exd4 Bg4 20. Bf3 Bxf3 21.
Nxf3 Rb6 22. Nd2 Rd6 23. Nf3 Rb6 24. Nd2 Qd5 25. Ne4 Ra8 26. Rd2 Rc6 27. Nc3
Qb3 28. Qxb3+ axb3 29. Ne2 Raa6 30. Rxc6 Rxc6 31. Kf1 Kf7 32. Rd3 Rb6 33. Nc3
Ke6 34. Ke2 g6 35. Re3+ Kd7 36. Kd3 Rc6 37. Re2 f5 38. Re5 b6 39. Rb5 Re6 40.
Ne2 c5 41. Nc3 cxd4 42. Ne2 Kc7 43. Rxb3 Bc5 44. Rb5 Kc6 45. a4 Re7 46. h3 Ra7
47. b3 Ra5 48. Nxd4+ Kd5 49. f3 h5 {.....cerny prekrocil casovy limit, kdyz na
49 tahu spotreboval 204 dni.} 1-0

[Event "7MCRV_F"]
[Site "?"]
[Date "2007.??.??"]
[Round "?"]
[White "Pytlik, Lesek"]
[Black "Nejtek, Jiri"]
[Result "1/2-1/2"]
[WhiteElo "2383"]
[BlackElo "2375"]
[PlyCount "80"]
[EventDate "2007.??.??"]
[EventType "corr"]
[SourceDate "2007.09.24"]

1. e4 e5 2. Nf3 Nc6 3. Bb5 Nf6 4. O-O Nxe4 5. Re1 Nd6 6. Nxe5 Be7 7. Bf1 Nf5 8.
c3 Nxe5 9. Rxe5 d6 10. Re1 c5 11. d4 cxd4 12. Bg5 O-O 13. Bxe7 Nxe7 14. Qxd4
Nc6 15. Qf4 Be6 16. Nd2 Qb6 17. b4 a5 18. b5 Ne7 19. a4 Rac8 20. Rac1 Rfd8 21.
Bd3 Ng6 22. Qg3 Ne5 23. Bc2 h6 24. h3 Qc7 25. Re3 Nc4 26. Nxc4 Qxc4 27. Rd1 Qa2
28. Rd2 Qa3 29. Rde2 Rf8 30. Kh2 b6 31. Re1 Qc5 32. Qf4 Rfe8 33. Kg1 d5 34. Bf5
Rf8 35. Bxe6 fxe6 36. Qg3 Rf6 37. Rxe6 Qxc3 38. R1e3 Qa1+ 39. Kh2 Rcf8 40. Qg4
Rf4 1/2-1/2

[Event "7MCRV_F"]
[Site "?"]
[Date "2007.??.??"]
[Round "?"]
[White "Pytlik, Lesek"]
[Black "Pecka, Josef"]
[Result "1/2-1/2"]
[WhiteElo "2283"]
[BlackElo "2292"]
[PlyCount "97"]
[EventDate "2007.??.??"]
[EventType "corr"]
[SourceDate "2007.09.24"]

1. e4 e5 2. Nf3 Nc6 3. Bb5 a6 4. Ba4 Bc5 5. O-O Nf6 6. c3 b5 7. Bc2 d5 8. a4
Bb7 9. exd5 Qxd5 10. axb5 axb5 11. Rxa8+ Bxa8 12. d4 exd4 13. Re1+ Kf8 14. Bb3
Qh5 15. cxd4 Bd6 16. Nc3 b4 17. Ne2 Ne7 18. Ne5 Bd5 19. Bd2 h6 20. f3 Qf5 21.
Ng3 Qc8 22. Ne4 Qa6 23. Bc2 Kg8 24. Nxd6 Qxd6 25. Qa1 b3 26. Bb1 g5 27. Qa4 Be6
28. f4 Ned5 29. fxg5 Nb6 30. Qa5 hxg5 31. Bxg5 Rh5 32. Qd2 Nc4 33. Qf4 Nxe5 34.
Qxe5 Qxe5 35. Rxe5 Ng4 36. Rc5 Nxh2 37. Bf4 Rxc5 38. dxc5 Ng4 39. Bxc7 Ne3 40.
Be5 Nc2 41. Kf2 Kf8 42. Ke2 Ke7 43. Kd2 Bd5 44. Kc3 Ke6 45. Bf4 Kd7 46. g3 Kc6
47. Bd6 Be6 48. g4 Bd5 49. g5 1/2-1/2

[Event "7MCRV_F"]
[Site "?"]
[Date "2007.??.??"]
[Round "?"]
[White "Pytlik, Lesek"]
[Black "Priesol, Daniel"]
[Result "1-0"]
[WhiteElo "2383"]
[BlackElo "2288"]
[PlyCount "71"]
[EventDate "2007.??.??"]
[EventType "corr"]
[SourceDate "2007.09.24"]

1. e4 e5 2. Nf3 Nf6 3. Nxe5 d6 4. Nf3 Nxe4 5. d4 d5 6. Bd3 Be7 7. O-O Nc6 8. c4
Nf6 9. h3 Nb4 10. Be2 dxc4 11. Bxc4 O-O 12. Nc3 c6 13. Re1 Nbd5 14. Bg5 Be6 15.
Qb3 Rb8 16. Bh4 h6 17. Bg3 Bd6 18. Be5 Bxe5 19. dxe5 Nd7 20. Bxd5 cxd5 21. Qa3
a6 22. Rad1 Nb6 23. b3 Re8 24. Qc5 Rc8 25. Qe3 Qe7 26. Nd4 Na8 27. f4 Nc7 28.
f5 Bd7 29. f6 Qf8 30. Rf1 g6 31. Nde2 Bc6 32. Nf4 Red8 33. h4 h5 34. Rfe1 Kh7
35. Nce2 Qe8 36. Nxh5 1-0

[Event "7MCRV_F"]
[Site "?"]
[Date "2007.??.??"]
[Round "?"]
[White "Pytlik, Lesek"]
[Black "Schwarz, Jan"]
[Result "1/2-1/2"]
[WhiteElo "2383"]
[BlackElo "2257"]
[PlyCount "87"]
[EventDate "2007.??.??"]
[EventType "corr"]
[SourceDate "2007.09.24"]

1. e4 c5 2. Nf3 e6 3. d4 cxd4 4. Nxd4 Nc6 5. Nb5 d6 6. Bf4 e5 7. Be3 a6 8. N5c3
Nf6 9. Bc4 Be7 10. Nd5 Nxd5 11. Bxd5 O-O 12. O-O Bg5 13. Re1 Be6 14. Na3 Bxe3
15. Rxe3 Rc8 16. c3 Qc7 17. Rd3 Rcd8 18. Bb3 Na5 19. Bxe6 fxe6 20. Qe2 b5 21.
Rad1 Nb7 22. b4 Rc8 23. Nc2 Qc6 24. f3 Rf7 25. Ne3 Rfc7 26. a3 Qd7 27. Rc1 Rc6
28. Qd1 Qc7 29. Qb3 Nd8 30. Kf2 a5 31. g3 g6 32. Rc2 Kg7 33. Kg2 Kf6 34. Qb2
Kg7 35. Qa2 Qa7 36. Qb3 Qc7 37. h3 h6 38. h4 h5 39. Rc1 Qa7 40. Rcd1 axb4 41.
cxb4 Qd7 42. R1d2 Ra6 43. Qb2 Nf7 44. Rc3 1/2-1/2

[Event "7MCRV_F"]
[Site "?"]
[Date "2007.??.??"]
[Round "?"]
[White "Pytlik, Lesek"]
[Black "Valak, Alois"]
[Result "1/2-1/2"]
[WhiteElo "2383"]
[BlackElo "2361"]
[PlyCount "69"]
[EventDate "2007.??.??"]
[EventType "corr"]
[SourceDate "2007.09.24"]

1. Nf3 Nf6 2. g3 c5 3. Bg2 Nc6 4. O-O e5 5. e4 Be7 6. d3 d6 7. Nbd2 O-O 8. Nc4
Ng4 9. h3 Nf6 10. Re1 Be6 11. Ne3 Qd7 12. Ng5 Rad8 13. Nxe6 fxe6 14. Bd2 Rf7
15. a3 d5 16. Ng4 dxe4 17. Nxf6+ gxf6 18. Bxe4 c4 19. Bc3 cxd3 20. cxd3 Bc5 21.
Rc1 Nd4 22. Kh2 Nb5 23. Ba5 Rc8 24. Kg2 Nd4 25. Bd2 f5 26. Bf3 Nxf3 27. Qxf3
Bd4 28. Bc3 h6 29. h4 Kh7 30. Bxd4 Rxc1 31. Rxc1 Qxd4 32. Qe2 Kg7 33. b4 b6 34.
Qa2 Kf6 35. Qd2 1/2-1/2

[Event "7MCRV_F"]
[Site "?"]
[Date "2007.??.??"]
[Round "?"]
[White "Schwarz, Jan"]
[Black "Cipka, Ivan"]
[Result "1-0"]
[WhiteElo "2257"]
[BlackElo "2300"]
[PlyCount "117"]
[EventDate "2007.??.??"]
[EventType "corr"]
[SourceDate "2007.09.24"]

1. e4 e5 2. Nf3 Nf6 3. Nxe5 d6 4. Nf3 Nxe4 5. d4 d5 6. Bd3 Bd6 7. O-O O-O 8. c4
c6 9. cxd5 cxd5 10. Nc3 Nxc3 11. bxc3 Nc6 12. Rb1 b6 13. Ng5 g6 14. Qf3 Ne7 15.
Re1 Qc7 16. c4 dxc4 17. Bc2 Bb7 18. Be4 Nc6 19. Bb2 h6 20. Bxc6 Bxh2+ 21. Kh1
Qxc6 22. Ne4 f5 23. d5 Qxd5 24. Kxh2 fxe4 25. Qc3 Qd7 26. Qh8+ Kf7 27. Qg7+ Ke8
28. Qxg6+ Kd8 29. Bg7 Rf5 30. Rbd1 Rd5 31. Rxe4 Rxd1 32. Bf6+ Kc7 33. Be5+ Kd8
34. Rxc4 Qe8 35. Bc7+ Kd7 36. Qg4+ Qe6 37. Qxd1+ Bd5 38. Bg3 Rc8 39. Qa4+ Rc6
40. Qxa7+ Ke8 41. Rh4 Qd7 42. Qb8+ Qc8 43. Qe5+ Qe6 44. Qd4 Qf5 45. Rf4 Qg5 46.
Qh8+ Kd7 47. Qb8 Qh5+ 48. Bh4 Rf6 49. Rb4 Bxg2 50. Rd4+ Bd5 51. Qb7+ Ke8 52.
Qc8+ Kf7 53. Qd7+ Kg8 54. Rg4+ Rg6 55. Rxg6+ Qxg6 56. Qxd5+ Kf8 57. Qd8+ Kg7
58. Qe7+ Kg8 59. a4 1-0

[Event "7MCRV_F"]
[Site "?"]
[Date "2007.??.??"]
[Round "?"]
[White "Schwarz, Jan"]
[Black "Jandovsky, Viktor"]
[Result "1-0"]
[WhiteElo "2257"]
[BlackElo "2275"]
[PlyCount "75"]
[EventDate "2007.??.??"]
[EventType "corr"]
[SourceDate "2007.09.24"]

1. d4 Nf6 2. c4 g6 3. Nc3 Bg7 4. e4 d6 5. Bg5 h6 6. Be3 Ng4 7. Bc1 e5 8. d5 f5
9. exf5 gxf5 10. Be2 Nf6 11. Bh5+ Nxh5 12. Qxh5+ Kf8 13. f4 Qe8 14. Qh3 Kg8 15.
Nge2 e4 16. Be3 Na6 17. Bd4 Qg6 18. O-O-O Rh7 19. Qe3 Bxd4 20. Nxd4 Nc5 21. h3
h5 22. Kb1 Bd7 23. g4 hxg4 24. hxg4 fxg4 25. f5 Bxf5 26. Rxh7 Qxh7 27. Qg5+ Bg6
28. Qxg4 Kh8 29. Qg2 Qf7 30. Rf1 Qg7 31. Ne6 Nxe6 32. dxe6 Bh7 33. Qh3 c6 34.
Ka1 Rf8 35. Rh1 Kg8 36. Qh2 e3 37. Qxd6 Qg2 38. Qd1 1-0